Music Quiz

Random Music or Clickable Quiz

10 to 1 Band Members Quiz Stats

 Plays Quiz not verified by Sporcle

Support Sporcle.
Go Orange.
Score 0/55 Timer 10:00
0 Plays Today
% Correct
Bruce Springsteen
94.3%
Bono
94%
The Edge
91.9%
Jack White
91.6%
GZA
91.6%
Dave Grohl
91.6%
Ghostface Killah
91%
Masta Killa
90.7%
Eric Clapton
90.4%
RZA
90.4%
Ol' Dirty Bastard
89.8%
U-God
88.9%
Meg White
88%
Method Man
86.5%
Inspectah Deck
86.5%
Raekwon
85.9%
Thom Yorke
82.3%
Steven Van Zandt
78.1%
Adam Clayton
74.3%
Clarence Clemons
71.3%
Max Weinberg
71.3%
Ginger Baker
71%
Larry Mullen Jr.
70.4%
Shane MacGowan
68.9%
Patti Scialfa
68%
Cappadonna
67.1%
Donald Glover
65.9%
Taylor Hawkins
62.9%
% Correct
Cait O'Riordan
62.3%
Jack Bruce
62%
Nils Lofgren
61.1%
Jonny Greenwood
60.8%
Colin Greenwood
59.6%
Pat Smear
59.3%
William Butler
57.2%
Win Butler
54.5%
James Fearnley
48.8%
Regine Chassagne
48.8%
Danny Federici
46.7%
Sarah Neufeld
45.5%
Garry Tallent
44%
Chris Shiflett
43.7%
Ed O'Brien
43.7%
Roy Bittan
43.1%
Jem Finer
42.5%
Nate Mendel
41%
Philip Selway
38%
Spider Stacely
35.9%
Richard Reed Parry
35.9%
Terry Woods
35.6%
Philip Chevron
33.8%
Jeremy Gara
33.8%
Tim Kingsbury
33.2%
Andrew Ranken
29%
Rami Jaffee
29%

You're not logged in!

Compare scores with friends on all Sporcle quizzes.
OR
Log In

From the Vault

3x3 Word Challenge

by puckett86

You might say that this quiz has 3 wheel drive. Of course, if you did say that, you would be wrong.
Remove Ads.
Support Sporcle.
Get the best of Sporcle when you Go Orange. This ad-free experience offers more features, more stats, and more fun while also helping to support Sporcle. Thank you for becoming a member.

Show Comments

Extras

Created Feb 5, 2018ReportNominate
Tags:Clickable Quiz

Top Quizzes Today


Score Distribution

Your Account Isn't Verified!

In order to create a playlist on Sporcle, you need to verify the email address you used during registration. Go to your Sporcle Settings to finish the process.

Report this User

Report this user for behavior that violates our Community Guidelines.

Details: